00398pab a2200121 454500008004000000100002200040245010000062260000900162300001500171362000800186650003400194773004800228180718b2001 xxu||||| |||| 00| 0 eng d aCruz, Rizalino B. aFORGE, Inc.: examining the organization and its capability - building needs for policy advocacy c2001 ap.293-327. aOct aNongovernmental organizations aPhilippine Journal of Public Administration